I like being me : (Record no. 6409)

MARC details
000 -LEADER
fixed length control field 01356pam a2200373 a 4500
001 - CONTROL NUMBER
control field 6409
003 - CONTROL NUMBER IDENTIFIER
control field FISKH
005 - DATE AND TIME OF LATEST TRANSACTION
control field 20250429100515.0
008 - FIXED-LENGTH DATA ELEMENTS--GENERAL INFORMATION
fixed length control field 970324s1997 mnua b 000 0 eng
010 ## - LIBRARY OF CONGRESS CONTROL NUMBER
LC control number 97011653
020 ## - INTERNATIONAL STANDARD BOOK NUMBER
International Standard Book Number 1575420252
020 ## - INTERNATIONAL STANDARD BOOK NUMBER
International Standard Book Number 9781575420257
040 ## - CATALOGING SOURCE
Original cataloging agency DLC
Transcribing agency DLC
Modifying agency DLC
Language of cataloging eng
050 ## - LIBRARY OF CONGRESS CALL NUMBER
Classification number PS3562.A412 I18
082 ## - DEWEY DECIMAL CLASSIFICATION NUMBER
Classification number 811.54
100 1# - MAIN ENTRY--PERSONAL NAME
Personal name Lalli, Judy,
Dates associated with a name 1949-
245 10 - TITLE STATEMENT
Title I like being me :
Remainder of title poems for children about feeling special, appreciating others, and getting along /
Statement of responsibility, etc. written by Judy Lalli ; photographs by Douglas L. Mason-Fry.
260 ## - PUBLICATION, DISTRIBUTION, ETC.
Place of publication, distribution, etc. Minneapolis :
Name of publisher, distributor, etc. Free Spirit Publishing,
Date of publication, distribution, etc. 1997.
300 ## - PHYSICAL DESCRIPTION
Extent 54 pages :
Other physical details illustrations ;
Dimensions 19 x 21 cm
505 ## - FORMATTED CONTENTS NOTE
Formatted contents note N<br/>
520 ## - SUMMARY, ETC.
Summary, etc. A collection of poems about being kind, solving problems, learning from mistakes, telling the truth, dealing with feelings, being a friend, and more.
521 8# - TARGET AUDIENCE NOTE
Target audience note 560<br/>
Source Lexile AD<br/>
521 8# - TARGET AUDIENCE NOTE
Target audience note N<br/>
Source Raz-Plus<br/>
650 #0 - SUBJECT ADDED ENTRY--TOPICAL TERM
Topical term or geographic name entry element Interpersonal relations
General subdivision Juvenile poetry.
650 #0 - SUBJECT ADDED ENTRY--TOPICAL TERM
Topical term or geographic name entry element Self-esteem
General subdivision Juvenile poetry.
650 #0 - SUBJECT ADDED ENTRY--TOPICAL TERM
Topical term or geographic name entry element Children's poetry, American.
650 #1 - SUBJECT ADDED ENTRY--TOPICAL TERM
Topical term or geographic name entry element Identity
General subdivision Poetry.
650 #1 - SUBJECT ADDED ENTRY--TOPICAL TERM
Topical term or geographic name entry element Self-esteem
General subdivision Poetry.
650 #1 - SUBJECT ADDED ENTRY--TOPICAL TERM
Topical term or geographic name entry element American poetry.
700 2# - ADDED ENTRY--PERSONAL NAME
Personal name Mason-Fry, Douglas L.,
Dates associated with a name 1950-
Relator term illustrator
906 ## - LOCAL DATA ELEMENT F, LDF (RLIN)
a 7
b cbc
c orignew
d 1
e ocip
f 19
g y-gencatlg
942 ## - ADDED ENTRY ELEMENTS (KOHA)
Source of classification or shelving scheme Dewey Decimal Classification
Koha item type Books
Suppress in OPAC No
Holdings
Withdrawn status Lost status Source of classification or shelving scheme Damaged status Not for loan Collection Home library Current library Shelving location Date acquired Total Checkouts Full call number Barcode Date last seen Copy number Price effective from Koha item type
    Dewey Decimal Classification     Juvenile Fiction Footprints International School Library Network Toul Kork Campus Footprints International School Library Network Toul Kork Campus TK Primary Library Room(4th Floor), Bookcase 3&4, Shelves 17-32, Yellow Books 04/29/2025   LAL 811.54 PS3562.A412 I18 FISTK02357 04/29/2025 1 04/29/2025 Books